| 000 | 00491nam a2200157 a 4500 | ||
|---|---|---|---|
| 001 | 1395 | ||
| 003 | CDMR | ||
| 005 | 20130116135210.0 | ||
| 008 | 130130s1983||||||||||||||||||||||||||||d | ||
| 040 |
_aCDMR _bcat _cCDMR |
||
| 100 | 1 |
_aAlberch i Fugueras, Ramón _91068 |
|
| 245 | 1 | 0 |
_aGuia inventari de l'arxiu històric de l'ajuntament de Girona _cRamón Alberch i Fugueras |
| 260 |
_aGirona _c1983 _bAjuntament de Girona. Servei Municipal de Publicacions |
||
| 300 |
_a274 p ; _c21 cm |
||
| 942 | _cMON | ||
| 999 |
_c1395 _d1395 |
||